000 01250nam a2200361 a 4500
001 000111472
003 CHAP
005 20220329144212.0
008 150511s2015 it j |r| ||||||eng d
010 _a107934
011 _a108906
020 _a9789251076989
040 _cCHAP
082 0 4 _a338.1
_bF215
245 0 0 _aInnovative institutions, public policies and private strategies for agro-entrerprise development /
_cpor FAO y editado por Carlos A. da Silva y Carlos A. da Silva ...[et al.].
260 _aRoma :
_bFAO,
_c2015.
300 _axxvii, 340 p. :
_bil., gráfs., tabs.
590 _aE11695DGD
_b10
_c20150512
_lUCH01
_h0852
590 _aE5995AHE
_b05
_c20150511
_lUCH01
_h1320
590 _aE5995AHE
_b05
_c20150511
_lUCH01
_h1324
590 _aE5995AHE
_b05
_c20150511
_lUCH01
_h1330
590 _aE5995AHE
_b05
_c20150511
_lUCH01
_h1345
590 _aE5995AHE
_b05
_c20150511
_lUCH01
_h1443
590 _aE5995AHE
_b05
_c20150511
_lUCH01
_h1444
650 1 4 _aAgricultura
_xInnovaciones tecnológicas.
_91565
650 1 4 _aDesarrollo agrícola.
_9125465
650 1 4 _aPolítica agrícola.
_990283
700 1 _aChristy, Ralph D.
_eed.
_9129348
700 1 _aDa Silva, Carlos A.
_930854
901 _aBK
942 _cLIBRO
942 _n0
999 _c107934
_d107934